000
00353nam a2200133Ia 4500
008
151001s9999||||xx |||||||||||||| ||und||
100
_a
पद्मा कुलकर्णी
245
_a
किथी
250
_a
1
260
_b
अंजली प्रकाशन पुणे
260
_c
1990
300
_a
168
365
_b
18
999
_c
970687
_d
970684